000 00916nam a2200241 a 4500
001 48742
003 BD-RjUL
005 20211209054558.0
008 160816s1965 bg ||||| |||| 00| 0 ben d
020 _c: Tk. 7.00
035 _a(BD-RjUL)48861
040 _aBD-RjUL
_bben
_cBD-RjUL
041 _aben
082 _223
_a891.4409
_bHAS 1965
100 _aহাই, মুহম্মদ আবদুল
_9147054
245 1 0 _aসাহিত্য ও সংস্কৃতি /
_cমুহম্মদ আবদুল হাই
250 _a২য় সং.
260 _aঢাকা :
_bস্টুডেন্ট ওয়েজ,
_c১৯৬৫
300 _a[১০], ২৫৬ পৃ. ;
_c১৯ সেমি
650 _aবাংলা সাহিত্য
_xইতিহাস ও সমালোচনা
_9147055
650 _aBengali Literature
_xHistory and Criticism
_9147056
942 _2ddc
_cBK
999 _c48742
_d48742